000 00450nam a2200145Ia 4500
008 100122s9999 xx 000 0 und d
082 _b37742
_a823
100 _aबोरकर वि ज
245 _aमाती आणि आदेऊश
260 _bमौज प्रकाशन गृह
_c1905
300 _a154
630 _aमाती आणि आदेऊश
730 _aमाती आणि आदेऊश
942 _cBOOK
999 _c420103
_d420100